Statistics for State in the Lyrics

Click here to take the quiz!

General Stats

  • This quiz has been taken 50 times
  • The average score is 11 of 15

Answer Stats

LyricsState Name% Correct
Sweet home _______ / Where the skies are so blueAlabama
100%
Welcome to the Hotel __________ / Such a lovely place (such a lovely place) / Such a lovely faceCalifornia
96%
Now you're in ___ ____ / These streets will make you feel brand new / Big lights will inspire youNew York
89%
He's leaving / (Leaving) / On that midnight train to _______Georgia
87%
All my ex's live in _____ / And _____ is a place I'd dearly love to be / But all my ex's live in _____ / And that's why I hang my hat in TennesseeTexas
87%
Off the _______ Keys / There's a place called Kokomo / That's where you wanna goFlorida
85%
Rocky mountain high, ________ / Rocky mountain highColorado
83%
Country roads, take me home to the place I belong / ____ ________, mountain mommaWest Virginia
80%
Well I'm standing on a corner / In Winslow, _______ / And such a fine sight to seeArizona
76%
Old black water, keep on rollin' / ___________ moon won't you keep on shining on meMississippi
72%
________, where the wind comes sweeping down the plain / And the waving wheat can sure smell sweet / When the wind comes right behind the rainOklahoma
67%
Alabama, ________ / I do love my ma and pa / Not the way that I do love youArkansas
59%
Push me up against the wall / Young ________ girl in a push-up braKentucky
59%
Movin' to _______ soon / (Yippy-ty-yo-ty-yay) / Movin' to _______ soonMontana
52%
She grew up in an _______ town / Had a good-lookin' mama who never was around / But she grew up tall and she grew up right / With them _______ boys on them _______ nightsIndiana
52%

Score Distribution

Percentile by Number Answered

Percent of People with Each Score

Your Score History

You have not taken this quiz